Guía artistica de Sevilla (Record no. 71695)
[ view plain ]
| 000 -LEADER | |
|---|---|
| campo de control de longitud fija | 01314cam a2200349M 4500 |
| 001 - NÚMERO DE CONTROL | |
| campo de control | 90440 |
| 005 - FECHA Y HORA DE LA ÚLTIMA TRANSACCIÓN | |
| campo de control | 20230410124132.0 |
| 008 - DATOS DE LONGITUD FIJA--INFORMACIÓN GENERAL | |
| campo de control de longitud fija | 080604r20081884sp 000 0 spa d |
| 035 ## - NÚMERO DE CONTROL DEL SISTEMA | |
| Número de control de sistema | (OCoLC)ocn433867588 |
| 040 ## - FUENTE DE CATALOGACIÓN | |
| Centro catalogador/agencia de origen | BNM |
| Normas de descripción | rdc |
| Lengua de catalogación | spa |
| Centro/agencia transcriptor | BNM |
| 015 ## - NÚMERO DE BIBLIOGRAFÍA NACIONAL | |
| Número de bibliografía nacional | MON0810 |
| 017 ## - NÚMERO DE COPYRIGHT O DE DEPÓSITO LEGAL | |
| Número de copyright o de depósito legal | SE 894-2008 |
| 020 ## - NÚMERO INTERNACIONAL ESTÁNDAR DEL LIBRO | |
| Número Internacional Estándar del Libro | 9788498621488 |
| 020 ## - NÚMERO INTERNACIONAL ESTÁNDAR DEL LIBRO | |
| Número Internacional Estándar del Libro | 8498621488 |
| 035 ## - NÚMERO DE CONTROL DEL SISTEMA | |
| Número de control de sistema | (OCoLC)433867588 |
| 049 ## - FONDOS LOCALES (OCLC) | |
| Biblioteca depositaria | GRAL |
| 050 14 - SIGNATURA TOPOGRÁFICA DE LA BIBLIOTECA DEL CONGRESO | |
| Número de clasificación | NA 1311 |
| Número de ítem | G393g 2008 |
| 082 00 - NÚMERO DE LA CLASIFICACIÓN DECIMAL DEWEY | |
| Número de clasificación | 946.8 |
| 100 1# - ENTRADA PRINCIPAL--NOMBRE DE PERSONA | |
| Nombre de persona | Gestoso y Pérez, José, |
| Fechas asociadas al nombre | 1852-1917. |
| 245 10 - MENCIÓN DEL TÍTULO | |
| Título | Guía artistica de Sevilla |
| Resto del título | : historia y descripción de sus principales monumentos religiosos y civiles y noticia de las preciosidades artítico-arqueológicas que en ellos se conservan de arquitectura, escultura, pintura, grabado, orfebrería, cerámica, etc., etc. / |
| Mención de responsabilidad, etc. | por José Gestoso y Pérez. |
| 260 ## - PUBLICACIÓN, DISTRIBUCIÓN, ETC. | |
| Lugar de publicación, distribución, etc. | Mairena de Aljarafe, Sevilla: |
| Nombre del editor, distribuidor, etc. | Extramuros, |
| Fecha de publicación, distribución, etc. | [2008] |
| 300 ## - DESCRIPCIÓN FÍSICA | |
| Extensión | 187 p. |
| Dimensiones | 22 cm. |
| 490 1# - MENCIÓN DE SERIE | |
| Mención de serie | Andalucia. Serie Monumentos historicos andaluces |
| 534 ## - NOTA SOBRE LA VERSIÓN ORIGINAL | |
| Frase introductoria | Reproduccion de la edicion de |
| Mención de edición del original | 1a. ed. |
| Publicación, distribución, etc. del original | Sevilla : El Orden, 1884. |
| 650 #4 - PUNTO DE ACCESO ADICIONAL DE MATERIA--TÉRMINO DE MATERIA | |
| Término de materia o nombre geográfico como elemento de entrada | Arte |
| Subdivisión geográfica | Sevilla. |
| 650 #4 - PUNTO DE ACCESO ADICIONAL DE MATERIA--TÉRMINO DE MATERIA | |
| Término de materia o nombre geográfico como elemento de entrada | Monumentos históricos. |
| 650 #4 - PUNTO DE ACCESO ADICIONAL DE MATERIA--TÉRMINO DE MATERIA | |
| Término de materia o nombre geográfico como elemento de entrada | Monumentos |
| Subdivisión geográfica | Sevilla (España). |
| 830 #0 - PUNTO DE ACCESO ADICIONAL DE SERIE-TÍTULO UNIFORME | |
| Título uniforme | Andalucia. |
| Nombre de parte o sección de la obra | Serie Monumentos historicos andaluces. |
| 942 ## - ELEMENTOS DE ENTRADA SECUNDARIOS (KOHA) | |
| Fuente del sistema de clasificación o colocación | Clasificación de Library of Congress |
| Tipo de ítem Koha | |
| 994 ## - | |
| -- | C0 |
| -- | DRFGD |
| 946 ## - PROCESAMIENTO DE INFORMACIÓN LOCAL (OCLC) | |
| a | nc |
| Estatus retirado | Estado de pérdida | Fuente del sistema de clasificación o colocación | Estado de daño | No para préstamo | Colección | Biblioteca de origen | Biblioteca actual | Ubicación en estantería | Fecha de adquisición | Serial enumeration / chronology | Signatura topográfica completa | Código de barras | Visto por última vez | Copia número | Tipo de ítem Koha |
|---|---|---|---|---|---|---|---|---|---|---|---|---|---|---|---|
| Clasificación de Library of Congress | Humanidades | Biblioteca Juan Bosch | Biblioteca Juan Bosch | Humanidades (4to. Piso) | 10/04/2023 | 1 | NA 1311 G393g 2008 | 00000083806 | 25/10/2018 | 1 |
